Fr. Conceicao Rodrigues College of Engineering

Digital computer fundamental (Record no. 23720)

MARC details
000 -LEADER
fixed length control field 00314nam a2200145Ia 4500
082 ## - DEWEY DECIMAL CLASSIFICATION NUMBER
Classification number 621.3819
Item number BAR
100 ## - MAIN ENTRY--PERSONAL NAME
Personal name Bartee/Thomas C
250 ## - EDITION STATEMENT
Edition statement 6
245 ## - TITLE STATEMENT
Title Digital computer fundamental
260 ## - PUBLICATION, DISTRIBUTION, ETC.
Name of publisher, distributor, etc. Tata Mc Graw hill Ltd.
Date of publication, distribution, etc. 1991
300 ## - PHYSICAL DESCRIPTION
Extent 610
546 ## - LANGUAGE NOTE
Language note ENGLISH
654 ## - SUBJECT ADDED ENTRY--FACETED TOPICAL TERMS
Focus term computer
942 ## - ADDED ENTRY ELEMENTS (KOHA)
Koha item type BOOK
Holdings
Withdrawn status Lost status Damaged status Not for loan Collection Home library Current library Date acquired Total Checkouts Full call number Barcode Date last seen Price effective from Koha item type
        CRC Fr. Agnel's C.Rodrigues College of Engineering Fr. Agnel's C.Rodrigues College of Engineering 17/03/2023   621.3819 BAR 12820 17/03/2023 17/03/2023 BOOK
        CRC Fr. Agnel's C.Rodrigues College of Engineering Fr. Agnel's C.Rodrigues College of Engineering 17/03/2023   621.3819 BAR 12821 17/03/2023 17/03/2023 BOOK
        CRC Fr. Agnel's C.Rodrigues College of Engineering Fr. Agnel's C.Rodrigues College of Engineering 17/03/2023   621.3819 BAR 12822 17/03/2023 17/03/2023 BOOK